000 00297nam a2200121Ia 4500
008 190216s9999||||xx |||||||||||||| ||und||
100 _aAgarwal An
245 0 _aIndian Economi Problem Development And Planning
260 _bWishwa Prakashan
300 _a738
650 _aEconomics
942 _cBK
999 _c10482
_d10482